Lateral thinking: creativity step by step

Guardat en:
Dades bibliogràfiques
Autor principal: Bono, Edward de (Autor)
Format: Llibre
Idioma:espanyol
Publicat: Nueva York Harper Perennial 1990
Edició:1a. ed
Matèries:
Etiquetes: Afegir etiqueta
Sense etiquetes, Sigues el primer a etiquetar aquest registre!

MARC

LEADER 00000nam a2200000 a 4500
001 UCI9934
003 CL-VaPUC
008 081218e19900000US |||||||||||||||||spa|d
020 |a 9780060903251 
082 0 4 |a 658.312404  |b BON  |2 21 
100 0 |a Bono, Edward de  |e author  |9 475301 
245 1 0 |a Lateral thinking: creativity step by step 
250 |a 1a. ed 
300 |a 300 p 
942 |c BK 
945 |d 20081218 00:00:00  |a rbrito 
260 |a Nueva York  |b Harper Perennial  |c 1990 
650 0 |a Creatividad   |9 310816 
650 0 |a Inteligencia  |9 267038 
583 |a last modification  |c 20081218 00:00:00  |k Rodrigo Vera 
999 |c 332374  |d 332372 
952 |0 0  |1 0  |4 0  |6 658_312404000000000_BON_1990  |7 0  |8 A  |9 420009  |a BIBING  |b BIBING  |d 2019-11-22  |i 4507541  |o 658.312404 BON 1990  |p 4507541  |r 2025-01-20  |w 2019-11-22  |y BK  |k EII